| 000 -LEADER |
| fixed length control field |
00440nam a22001937a 4500 |
| 003 - CONTROL NUMBER IDENTIFIER |
| control field |
OSt |
| 005 - DATE AND TIME OF LATEST TRANSACTION |
| control field |
20190713153350.0 |
| 008 - FIXED-LENGTH DATA ELEMENTS--GENERAL INFORMATION |
| fixed length control field |
190713b ||||| |||| 00| 0 eng d |
| 020 ## - INTERNATIONAL STANDARD BOOK NUMBER |
| International Standard Book Number |
8083330487 |
| 040 ## - CATALOGING SOURCE |
| Transcribing agency |
clc |
| 082 ## - DEWEY DECIMAL CLASSIFICATION NUMBER |
| Classification number |
SRI/C |
| Item number |
823 |
| 100 ## - MAIN ENTRY--PERSONAL NAME |
| Personal name |
Srinivasa , K G |
| 245 ## - TITLE STATEMENT |
| Title |
C in Depth |
| 250 ## - EDITION STATEMENT |
| Edition statement |
2nd Edition |
| 260 ## - PUBLICATION, DISTRIBUTION, ETC. |
| Place of publication, distribution, etc. |
New Delhi |
| Name of publisher, distributor, etc. |
BPB Publications |
| Date of publication, distribution, etc. |
2011 |
| 300 ## - PHYSICAL DESCRIPTION |
| Extent |
531p. |
| 700 ## - ADDED ENTRY--PERSONAL NAME |
| Personal name |
Srivastava, Deepali |
| 942 ## - ADDED ENTRY ELEMENTS (KOHA) |
| Koha item type |
Book |
| 952 ## - LOCATION AND ITEM INFORMATION (KOHA) |
| Lost status |
|